Normal view
MARC view
- المنشات الخرسانية -تصميم المرن
Entry Topical Term
001 - CONTROL NUMBER
- control field: 51936
003 - CONTROL NUMBER IDENTIFIER
- control field: JO-AjAnu
005 - DATE AND TIME OF LATEST TRANSACTION
- control field: 20230606082536.0
008 - FIXED-LENGTH DATA ELEMENTS
- fixed length control field: 230606|| aca||aabn | a|a d
040 ## - CATALOGING SOURCE
- Original cataloging agency: JO-AjAnu
- Transcribing agency: JO-AjAnu
150 ## - HEADING--TOPICAL TERM
- Topical term or geographic name entry element: المنشات الخرسانية -تصميم المرن
670 ## - SOURCE DATA FOUND
- Source citation: Work cat.: (JO-AjAnu)26544: احمد، عبدالرحمن مجاهد, author 51935, دليل المهندسين في تصميم العنلصر والمنشات السلحة وتنفيذها ج1:التصميم المرن للكمرات والاعمدة والبلاطات والحوائط والكوابيل القصيرة